000 00687nam a2200241Ia 4500
003 OSt
005 20220927114718.0
006 a|||||r|||| 00| 0
007 ta
008 220926b |||||||| |||| 00| 0 eng d
024 _a60011
037 _cThesis and Dissertations
040 _aRTL
_cRTL
_beng
041 _2eng
_aeng
082 _a"X61:741, L2"
100 _aPhelps Edmund S
_9385939
245 0 _aInflation policy and unemployment theory
_b The cost
260 _aLondon
_bMacmillan UK
_c1972
300 _a"xxviii, 322p."
_ccm.
650 _aValue
_9354380
942 _h"X61:741, L2"
_cCC
999 _c705005
_d705005